Physical metallurgy principles (Record no. 12132)

000 -LEADER
fixed length control field 00414nam a22001457a 4500
008 - FIXED-LENGTH DATA ELEMENTS--GENERAL INFORMATION
fixed length control field 210120b ||||| |||| 00| 0 eng d
082 00 - DEWEY DECIMAL CLASSIFICATION NUMBER
Classification number 669.9
Item number R3231
100 ## - MAIN ENTRY--PERSONAL NAME
9 (RLIN) 4305
Personal name Reed-Hall, Robert E.
245 10 - TITLE STATEMENT
Title Physical metallurgy principles
260 ## - PUBLICATION, DISTRIBUTION, ETC. (IMPRINT)
Place of publication, distribution, etc Princeton
Name of publisher, distributor, etc D. Van Nostrand Company
Date of publication, distribution, etc 1968
300 ## - PHYSICAL DESCRIPTION
Extent x,630 p.
365 ## - TRADE PRICE
Unit of pricing 18.00
650 #0 - SUBJECT ADDED ENTRY--TOPICAL TERM
Topical term or geographic name as entry element Physical Metallurgy
942 ## - ADDED ENTRY ELEMENTS (KOHA)
Item type Books
Holdings
Withdrawn status Lost status Source of classification or shelving scheme Damaged status Not for loan Permanent location Current location Date acquired Source of acquisition Full call number Barcode Date last seen Koha item type
          IMU Kolkata IMU Kolkata 1970-02-26 Eastern book mart 669.9 R3231 03465 2021-01-20 Books
Designed and Maintained by IMU-KC Library, Kolkata Campus © Copyright All Rights Reserved

webs counters

Powered by Koha